Radiation chemistry of polymeric systems (Record no. 19699)

MARC details
000 -LEADER
fixed length control field 00330nam a2200121Ia 4500
082 ## - DEWEY DECIMAL CLASSIFICATION NUMBER
Classification number 678:541.6
Item number HIG.15
100 ## - MAIN ENTRY--AUTHOR NAME
Personal name Chapiro, Adolphe
245 #0 - TITLE STATEMENT
Title Radiation chemistry of polymeric systems
260 ## - PUBLICATION, DISTRIBUTION, ETC. (IMPRINT)
Place of publication New York
Name of publisher John Wiley
Year of publication 1962
650 ## - SUBJECT ADDED ENTRY--TOPICAL TERM
Topical Term Radiation chemistry
942 ## - ADDED ENTRY ELEMENTS (KOHA)
Koha item type Books
Holdings
Withdrawn status Lost status Damaged status Not for loan Home library Current library Date acquired Cost, normal purchase price Full call number Accession Number Koha item type
        RRII Library RRII Library 16/12/2021 21.00 678:541.6 HIG.15 00431 Books